| 000 | 01599cam a2200277 i 4500 | ||
|---|---|---|---|
| 003 | SA-RiAUC | ||
| 005 | 20251116133300.0 | ||
| 008 | 251113q19001999xx g 00000 ara c | ||
| 040 |
_aSA-MaUQU _bara _cSA-RiAUC _erda |
||
| 082 | 0 | 4 |
_a252.5 _qSA-RiAUC |
| 090 |
_a252.5 _bم ك ي |
||
| 100 | 1 |
_aالمكي، محمد فتني _eمؤلف. |
|
| 245 | 1 | 2 |
_aالرسالة المختصرة في فضائل الحج وأحكامه على مذهب الإمام أبي حنيفة رحمه الله تعالى / _cتأليف أبي بكر محمد فتني المكي. ويليها حجة النبي من صحيح مسلم. |
| 246 | 3 | 0 | _aفضائل الحج وأحكامه على مذهب الإمام أبي حنيفة رحمه الله تعالى |
| 250 | _aالطبعة مصححة ومخرجة الأحاديث. | ||
| 264 | 1 |
_a[مكان النشر غير محدد] : _bمؤسسة الريان، _c[بين 1900 و1999] |
|
| 300 |
_a71 صفحة ؛ _c24 سم |
||
| 336 |
_aنص _btxt _2rdacontent _3كتاب |
||
| 337 |
_aبدون وسيط _bn _2rdamedia |
||
| 338 |
_aمجلد _bnc _2rdacarrier |
||
| 501 | _aيليها حجة النبي صلى الله عليه وسلم من صحيح مسلم. | ||
| 650 | 7 |
_aالحج (فقه إسلامي) _2aucsh |
|
| 700 | 1 | 2 |
_iشرح لـ (عمل) : _aالإمام مسلم، مسلم بن الحجاج بن مسلم، _d204-261 هجري. _tالمسند الصحيح المختصر من السنن بنقل العدل عن العدل عن رسول الله صلى الله عليه وسلم. |
| 942 |
_2ddc _cBOOK _n0 |
||
| 949 |
_aSA-JeALM _d251113 _umohamedma123 _n1 |
||
| 999 |
_c13286 _d13286 |
||